Statistics for WNBA Basketball Teams Quiz

Click here to take the quiz!

General Stats

  • This quiz has been taken 8 times
  • The average score is 9 of 12

Answer Stats

Answer% Correct
Los Angeles Sparks
100%
Phoenix Mercury
100%
Connecticut Sun
83%
Las Vegas Aces
83%
Minnesota Lynx
83%
New York Liberty
83%
Seattle Storm
83%
Chicago Sky
67%
Washington Mystics
67%
Dallas Wings
50%
Indiana Fever
50%
Atlanta Dream
33%

Score Distribution

Percentile by Number Answered

Percent of People with Each Score

Your Score History

You have not taken this quiz